| 000 | 00507nam a2200181Ia 4500 | ||
|---|---|---|---|
| 999 |
_c36845 _d36845 |
||
| 003 | OSt | ||
| 005 | 20210127100817.0 | ||
| 008 | 190216s9999||||xx |||||||||||||| ||und|| | ||
| 020 | _a9798126116651 | ||
| 040 | _coclc | ||
| 082 |
_a658 _bTEA/M |
||
| 100 | _aA Team Of Experts | ||
| 245 | 0 |
_aModern UGC NET Management / _cA Team Of Experts |
|
| 260 |
_bAnmol Publications, _aNew Delhi: _c2004. |
||
| 300 | _a440p | ||
| 650 | _aReferences | ||
| 942 |
_cREF _2ddc _h658 _iTEA/M _k658 _mTEA/M |
||